Países por imagen #1 - Estadísticas

Estadísticas generales
  • Esta prueba ha sido intentada 4.152 veces
    3.582 desde el último reinicio
  • La puntuación promedio es 10 de 15
Estadísticas de respuestas
Imagen Respuesta % Correcto
Brasil
99%
México
96%
Rusia
96%
Australia
95%
Japón
95%
India
84%
Emiratos Árabes Unidos
80%
Alemania
73%
Tailandia
70%
Canadá
63%
Venezuela
50%
Islandia
49%
Israel / Palestina
47%
Noruega
34%
Nueva Zelanda
17%
No se encontraron pruebas coincidentes
Distribución de puntuación
Porcentaje de gente con cada puntuación
Porcentaje por número respondido
Historial de tus puntuaciones
No has intentado esta prueba desde el último reinicio